Il Liocorno Blu Alre inchieste del commissario boffa

Sábháilte in:
Sonraí bibleagrafaíochta
Príomhchruthaitheoir: Luciamo Anselmi
Formáid: LEABHAR
Teanga:Teanga Anaithnid nó Neamhbhailí
Foilsithe / Cruthaithe: Camunia
Clibeanna: Cuir clib leis
Níl clibeanna ann, Bí ar an gcéad duine le clib a chur leis an taifead seo!

MARC

LEADER 00000nam a2200000Ia 4500
001 R-1650
003 CODICE-MESSINA
005 20260212102510.0
008 260211s9999 xx 000 0 und d
040 |c importazione_messina 
100 |a Luciamo Anselmi 
245 0 |a Il Liocorno Blu 
245 0 |b Alre inchieste del commissario boffa 
260 |b Camunia 
942 |2 ddc  |c BK 
952 |0 0  |1 0  |2 ddc  |4 0  |6 SCAFFALE_16_000000000000000__STANZA_2  |7 0  |9 32490  |a ME  |b ME  |d 2026-02-11  |l 0  |o SCAFFALE 16 - STANZA 2  |p R-1650  |r 2026-02-11 23:53:13  |w 2026-02-11  |x [REVISIONARE]  |y BK 
999 |c 28157  |d 28157